[Event "Beacon Seniors op"]
[Site "Exmouth"]
[Date "2008.11.18"]
[Round "2"]
[White "Kendall, Paul SN"]
[Black "Primett, Alan D"]
[Result "1-0"]
[WhiteElo "2062"]
[BlackElo "1480"]
[PlyCount "47"]
[EventDate "2008.11.17"]
[EventType "swiss"]
[EventRounds "5"]
[EventCountry "ENG"]
[SourceTitle "EXT 2011"]
[Source "ChessBase"]
[SourceDate "2010.11.26"]
[SourceVersion "1"]
[SourceVersionDate "2010.11.26"]
[SourceQuality "1"]

1. e4 e6 2. b3 d5 3. Bb2 dxe4 4. Nc3 Nf6 5. g4 e3 6. dxe3 Qxd1+ 7. Rxd1 Nxg4 8. Ne4 Bd7 9. h3 Nh6 10. Bg2 Bc6 11. Nf6+ gxf6 12. Bxf6 Bb4+ 13. Ke2 0-0 14. Bxc6 Nxc6 15. Nf3 Ne7 16. Rhg1+ Ng6 17. h4 Be7 18. Bxe7 Rfe8 19. Bg5 Kg7 20. h5 Nf5 21. hxg6 hxg6 22. Bf4 Kf6 23. e4 Ne7 24. Be5# 1-0